000 00575nam a2200193 a 4500
001 2594343
005 20231208053554.0
008 960725s1995 bg a b 000 0 eng
040 _aDLC
_cDLC
082 0 0 _a305.48/9654/095492
_221
_b305.4.
100 1 _aShamim, Ishrat.
245 1 0 _aWidows in rural Bangladesh :
_bissues and concerns /
_cIshrat Shamim, Khaleda Salahuddin.
250 _a1st ed.
260 _aDhaka :
_bCentre for Women and Children Studies,
_c1995.
300 _aviii, 75 p. :
650 0 _aWidows
700 1 _aSālāhauddina, Khāledā.
_eedt
942 _cL
999 _c167
_d167